|
|
|
|
| LEADER |
00000nab a2200000 a 4500 |
| 001 |
vtls010061505 |
| 003 |
SK-MaSNL |
| 005 |
20260304154712.0 |
| 008 |
250507c1974 xo |r|p|||||||000 b|slo |
| 015 |
|
|
|a SNBRB1974
|
| 035 |
|
|
|a (uuid)be41774c-0f1c-4812-b267-c1ae291c70c8
|
| 035 |
|
|
|a urn:nbn:sk:snk-ab15mn
|
| 035 |
|
|
|a (urnnbn)urn:nbn:sk:snk:ar-0052mi
|
| 038 |
|
|
|a SNKBUCL
|
| 040 |
|
|
|a SNKBUCL
|b slo
|c SNKBUCL
|e AACR2
|
| 041 |
0 |
|
|a slo
|
| 044 |
|
|
|a xo
|c SK
|
| 080 |
|
|
|a 75.071.1:061.4
|2 1997
|
| 245 |
0 |
0 |
|a Jozef Vrtiak
|b návšteva v ateliéri slov. maliara
|
| 600 |
1 |
7 |
|a Vrtiak, Jozef,
|d 1920-1993
|2 snkbucl
|9 176809
|
| 650 |
0 |
7 |
|a maliari
|2 snkbucl
|9 3150
|
| 655 |
|
7 |
|a profily
|2 snkbucl
|9 341977
|
| 773 |
0 |
|
|t Výtvarný život
|g Roč. 19, č. 4 (1974), s. 42
|
| 850 |
|
|
|a Slovenská národná knižnica
|
| 852 |
|
|
|a Slovenská národná knižnica
|
| 954 |
|
|
|a odborná, vedecká literatúra pôvodná (slovenská)
|2 lita
|
| 958 |
|
|
|a article27
|
| 958 |
|
|
|a BX
|
| 958 |
|
|
|a SK
|
| 958 |
|
|
|a OND
|
| 958 |
|
|
|a EUIPO
|
| 999 |
|
|
|c 2958921
|d 2960851
|